000 01045nam a2200301Ia 4500
001 Para_9217
003 CHAP
008 220125s2006 xx 000 0 und d
010 _a207956
040 _cCHAP
090 _aTESIS 2024
100 _aEscobar Osorio, Rubén
_937514
245 _aIncidencia y daños del escarabajo rinoceronte Strategus aloeus L. (Coleoptera;Melolonthidae) en plantas de agave tequilero en Pihuamo, Jalisco; México /
_c por Rubén Escobar Osorio
260 _aChapingo, Méx. :
_b el autor
300 _a69 h.
502 _aTesis (Ing. Agr. Esp. en Parasitología Agrícola) -- UACh. Departamento Parasitología Agrícola
650 0 _aAgave tequilana
_xPlagas
_9164537
650 _aColeopteros
_925123
650 _aStrategus aloeus
_9109957
710 _aUACh. Departamento Parasitología Agrícola
_9164025
901 _aTESIS 2024
902 _aM
905 _a0000002006 amn 0000000000 00
910 _a2006
942 _cPARA
942 _cPARA
_d2
999 _c207956
_d207956